000 02396nam a22003137a 4500
003 OSt
005 20240209120955.0
008 210217b 2020 dr abc 00| 0 eng d
020 _a9789945613438
040 _aDO-SdBNP
_bspa
_cBPMSU
082 4 _a972.93052
_bB333n 2020
_222
100 1 _aBatlle Pérez, Fernando Arturo,
_d1938-
245 1 0 _aNaufragio del crucero acorazado USS Memphis :
_bla ola que llevaba el alma de la Patria /
_cFernando Arturo Batlle Pérez ; prólogo : José Chez Checo.
260 _aSanto Domingo :
_bArchivo General de la Nación,
_c2020.
300 _a406 p. :
_bil., mapas retrs. ;
_c23 cm.
490 0 _aArchivo General de la Nación,
_v377
500 _aIncluye datos biográficos del autor en la solapa de la cubierta
500 _aIncluye referencias bibliográficas y notas al pie de las páginas
500 _aIncluye índice onomástico
505 0 _aPrólogo
_r José Chez Checo
_tIntroducción --
_gCapítulo I
_tEscenario político-militar del naufragio del USS Memphis --
_g Capítulo II
_tEl escenario físico del naufragio del USS Memphis --
_gCapítulo III
_tEl crucero acorazado USS Tennessee-Memphis --
_tEl crucero acorazado y su importancia en el desarrollo y evolución de la Armada de los Estados Unidos de Norteamérica --
_tCaracterísticas estructurales y funcionales del crucero acorazado USS Tennessee-Memphis --
_tBreve historia de sus operaciones en el mar --
_tEl cañonero USS Castine --
_g Capítulo IV
_tEl naufragio del USS Memphis y su tragedia humana --
_gCapítulo V
_tCausa primaria y factores causales del naufragio del USS Memphis --
_gCapítulo VI
_tDestino del derrelicto del USS Memphis --
_gCapítulo VII
_tUna condena cuyos motivos flotaron en un mar de incertidumbres --
_gCapítulo VIII
_tDe cuatro héroes ---
_gCapítulo IX
_tDe un excelso relator y de una asociación de supervivientes --
_tPoética, prosa, reportes periodísticos y otros documentos sobre el naufragio del USS Memphis --
_t Epílogo --
590 _aInventariado, 2024 /VM
650 4 _aNaufragios
_zRepública Dominicana
_x
651 4 _aRepública Dominicana
_xHistoria
_yOcupación Norteamericana,1916-1924
651 4 _aEstados Unidos
_xArmada
_xHistoria
_ySiglo XX
700 1 _aChez Checo, José,
_d1949-
_eprólogo
710 2 _aArchivo General de la Nación (República Dominicana)
910 _aVMateo V. Control de calidad. BPMSU
942 _2ddc
_cBK
999 _c14087
_d14087